| 000 | 00866cab a2200217 4500 | ||
|---|---|---|---|
| 001 | ABS38853 | ||
| 008 | 090401t1988 xxu||||| |||| 00| 0 eng d | ||
| 035 | _a(Sirsi) u12791 | ||
| 041 | _aeng | ||
| 100 | _aBurrows, R. | ||
| 245 | _aPreparing for revaluation | ||
| 260 | _c1988 | ||
| 350 | _a0 | ||
| 490 |
_aChartered Surveyor Weekly _v22(7) 18 February 1988, 58(1) |
||
| 520 | _aDescribes the task for the Valuation Office in the revaluation of the bulk of non-domestic property in England and Wales due to take effect in 1990. Discusses major differences between present and future methods of working and looks at the role to be played by the " rent return forms " recently issued to occupiers, in fixing values. | ||
| 650 | _aNATIONAL NON DOMESTIC RATE | ||
| 650 | _aRATING REFORM | ||
| 690 | _aRATING AND VALUATION | ||
| 942 | _n0 | ||
| 948 | _c04/03/1997 | ||
| 999 |
_c8198 _d8198 |
||